[Event "SVK-chT2B 1920"]
[Site "Slovakia"]
[Date "2019.11.17"]
[Round "4.7"]
[White "Nagy, Miroslav"]
[Black "Boldis, Frantisek"]
[Result "0-1"]
[WhiteElo "1613"]
[BlackElo "1970"]
[PlyCount "72"]
[EventDate "2019.10.26"]
[EventType "team-tourn"]
[EventRounds "11"]
[EventCountry "SVK"]
[SourceTitle "CBM 193 Extra"]
[Source "ChessBase"]
[SourceDate "2020.01.31"]
[SourceVersion "1"]
[SourceVersionDate "2020.01.31"]
[SourceQuality "1"]
[WhiteTeam "Sala Slovan Duslo"]
[BlackTeam "Tlmace"]
[WhiteTeamCountry "SVK"]
[BlackTeamCountry "SVK"]

1. e4 e6 2. d4 d5 3. exd5 exd5 4. Nf3 Nf6 5. h3 Be7 6. Bd3 0-0 7. 0-0 Nbd7 8. Bf4 Re8 9. c4 c6 10. c5 b6 11. b4 a5 12. cxb6 Qxb6 13. bxa5 Rxa5 14. Nc3 Qa7 15. Rb1 Ba6 16. Bxa6 Rxa6 17. Re1 Nf8 18. Qd3 Ne6 19. Be3 Qa8 20. Rb3 Bd6 21. g3 Ra3 22. Reb1 Rxb3 23. Rxb3 c5 24. dxc5 Bxc5 25. Nd4 Nd7 26. Nxe6 fxe6 27. Qb5 Qc8 28. Na4 Bxe3 29. Rxe3 d4 30. Rb3 e5 31. Qd5+ Kh8 32. Rb7 Rd8 33. Qb5 d3 34. Qb3 d2 35. Nc3 Nc5 36. Qf7 Nxb7 0-1

[Event "SVK-chT2B 1617"]
[Site "Slovakia"]
[Date "2016.11.05"]
[Round "3.8"]
[White "Nagy, Miroslav"]
[Black "Jakab, Bela"]
[Result "0-1"]
[WhiteElo "1628"]
[BlackElo "2093"]
[PlyCount "62"]
[EventDate "2016.10.08"]
[EventType "team-tourn"]
[EventRounds "11"]
[EventCountry "SVK"]
[SourceTitle "CBM 175 Extra"]
[Source "ChessBase"]
[SourceDate "2016.12.12"]
[SourceVersion "1"]
[SourceVersionDate "2016.12.12"]
[SourceQuality "1"]
[WhiteTeam "Sala Slovan Duslo"]
[BlackTeam "Komarno"]
[WhiteTeamCountry "SVK"]
[BlackTeamCountry "SVK"]

1. e4 e6 2. d4 d5 3. exd5 exd5 4. Nf3 Nf6 5. Bg5 Be7 6. Bb5+ c6 7. Bd3 0-0 8. 0-0 Bg4 9. h3 Bh5 10. Re1 Re8 11. Re5 Nbd7 12. Bxf6 Bxf3 13. Qxf3 Bxf6 14. Rxe8+ Qxe8 15. Qe3 Qxe3 16. fxe3 Re8 17. c3 Rxe3 18. Bf5 Nb6 19. Na3 Bh4 20. Nc2 Re2 21. b3 g6 22. Bd3 Rd2 23. Ne1 Bf2+ 24. Kf1 Bxe1 25. Rxe1 Rxd3 26. Re7 Rxc3 27. Rxb7 Rc1+ 28. Kf2 Rc2+ 29. Kg1 Rxa2 30. Rc7 Ra3 31. Rxc6 Rxb3 0-1